000 00574nam a2200193Ia 4500
001 60347
008 170223n2015 ii |||gr||||Z||||||465
020 _a978-81-224-3611-2
041 _a465
082 _a547
100 _aMukherji,S.M.,
_eAuthor.
245 0 _aOrganic Chemistry :
_bVol-111 /
_cS.M.Mukherji,S.P.Singh & Others .
_hTextual Documents
250 _a2nd revised ed.
260 _aNew Delhi
_bNew Age International ( P ) Limited
_c2015
300 _a460pg:
_bills;
_c23cm.
653 _aG-Chemistry
700 _aSingh,S.P & Others,
_eAuthor.
942 _2ddc
_cBK
999 _c61486
_d61486